Welcome to the Holygrace Academy Library

Please use search bar below to get started

BLOODLINE (Record no. 3433)

MARC details
000 -LEADER
fixed length control field 00606nam a22001457a 4500
020 ## - INTERNATIONAL STANDARD BOOK NUMBER
ISBN 978-81-7223-486-7
082 ## - DEWEY DECIMAL CLASSIFICATION NUMBER
Classification number 823
Item number SHE/B
100 ## - MAIN ENTRY--AUTHOR NAME
Personal name SHELDON,SIDNEY
245 ## - TITLE STATEMENT
Title BLOODLINE
260 ## - PUBLICATION, DISTRIBUTION, ETC. (IMPRINT)
Place of publication LONDON
Name of publisher HARPPER COLLINS
300 ## - PHYSICAL DESCRIPTION
Number of Pages 409
520 ## - SUMMARY, ETC.
Summary, etc Bloodline is another thriller novel from bestselling author, Sidney Sheldon. The story revolves around Elizabeth Roffe, who, after the unexpected death of her father, becomes the sole heiress to his billion dollar empire. She also realizes that she is all alone in a world that is hostile towards her.
650 ## - SUBJECT ADDED ENTRY--TOPICAL TERM
Topical Term ENGLISH NOVAL
Geographic subdivision LONDON
942 ## - ADDED ENTRY ELEMENTS (KOHA)
Koha item type Books
Holdings
Withdrawn status Lost status Collection code Home library Current library Shelving location Date acquired Source of acquisition Full call number Accession Number Koha item type
    Fiction Main Library Main Library SHELF 2-J-ENGLISH NOVELS FOR TEACHERS 06/07/2013 PURCHASE 823 SHE/B 7146 Books